[Event "OLNW 2223 SV Werder Bremen III - SV Hel"]
[Site "?"]
[Date "2022.11.27"]
[Round "2.7"]
[White "Happe, Reinhold"]
[Black "Franke, Reiner"]
[Result "0-1"]
[WhiteElo "2113"]
[BlackElo "2222"]
[PlyCount "84"]
[EventDate "2022.??.??"]

1. c4 e6 2. Nc3 d5 3. d4 a6 4. cxd5 exd5 5. Bf4 Nf6 6. e3 Bd6 7. Bxd6 Qxd6 8. Bd3 O-O 9. h3 Re8 10. Nf3 Nbd7 11. O-O b6 12. Rc1 Bb7 13. Bf5 Nf8 14. Ne5 g6 15. Bg4 c5 16. Bf3 Ne6 17. Ng4 Nxg4 18. Bxg4 c4 19. Bxe6 Rxe6 20. Na4 Bc6 21. Nc3 Re7 22. Re1 f5 23. Ne2 b5 24. Qd2 a5 25. b3 Rb7 26. Qc2 a4 27. Red1 axb3 28. axb3 Ra3 29. Rb1 Rba7 30. bxc4 dxc4 31. d5 Bd7 32. Nd4 Ra2 33. Rb2 Rxb2 34. Qxb2 Qxd5 35. Qb4 Bc6 36. f3 Kf7 37. Rd2 Ra4 38. Qb2 b4 39. Nxc6 c3 40. Ne5+ Ke6 41. Nd3 cxb2 42. Nf4+ Kf7 0-1

[Event "OLNW 2223 SV Werder Bremen III - SV Hel"]
[Site "?"]
[Date "2022.11.27"]
[Round "2.8"]
[White "Diederichsen, Detlev"]
[Black "Hart, Martin"]
[Result "0-1"]
[WhiteElo "2165"]
[BlackElo "2026"]
[PlyCount "86"]
[EventDate "2022.??.??"]

1. d4 d6 2. Nf3 Bg4 3. c4 Nd7 4. Nc3 e5 5. g3 Ngf6 6. Bg2 c6 7. O-O Be7 8. e4 O-O 9. Be3 Qc7 10. h3 Bxf3 11. Bxf3 Nb6 12. Qb3 Nfd7 13. dxe5 dxe5 14. Na4 Nxa4 15. Qxa4 Nc5 16. Qc2 Ne6 17. c5 Rad8 18. Rad1 Nd4 19. Bxd4 Rxd4 20. Rxd4 exd4 21. b4 Rd8 22. Qd3 a5 23. a3 axb4 24. axb4 b6 25. Rc1 bxc5 26. bxc5 Qe5 27. Bd1 g5 28. Bb3 Rd7 29. Qf3 Bf8 30. Bc4 Bxc5 31. Qg4 d3 32. Bb3 Re7 33. h4 Bxf2+ 34. Kxf2 Qb2+ 35. Bc2 Qxc1 36. Bxd3 Qd2+ 37. Be2 Qd4+ 38. Kf3 Qf6+ 39. Kg2 h6 40. hxg5 hxg5 41. Bf3 Rc7 42. Be2 Kg7 43. Bc4 Rb7 0-1

[Event "OLNW 2223 SK Nordhorn Blanke - Delmenho"]
[Site "?"]
[Date "2022.11.27"]
[Round "2.1"]
[White "Pahl, Erik"]
[Black "Kroeze, Frank"]
[Result "1/2-1/2"]
[WhiteElo "2196"]
[BlackElo "2394"]
[PlyCount "68"]
[EventDate "2022.??.??"]

1. e4 c6 2. d4 d5 3. e5 c5 4. dxc5 e6 5. Nf3 Bxc5 6. a3 f6 7. b4 Be7 8. Bb2 a5 9. b5 Nd7 10. c4 Nb6 11. Nbd2 fxe5 12. Nxe5 Nf6 13. Be2 O-O 14. O-O Nfd7 15. Ndf3 Bf6 16. Nxd7 Bxd7 17. Bxf6 Qxf6 18. c5 Nc8 19. Qd4 Ne7 20. Rfd1 Ng6 21. Qxf6 gxf6 22. Rac1 Rfc8 23. a4 Ne7 24. Nd4 e5 25. Nb3 Be6 26. Rd2 d4 27. Bc4 Bxc4 28. Rxc4 Nd5 29. Rdc2 Kf7 30. g3 Ke6 31. Kf1 Nb4 32. Rc1 Kd5 33. Ke2 Na2 34. R1c2 Nb4 1/2-1/2

[Event "OLNW 2223 SK Nordhorn Blanke - Delmenho"]
[Site "?"]
[Date "2022.11.27"]
[Round "2.2"]
[White "Lambrechts, Koen"]
[Black "Pahl, Theis"]
[Result "1/2-1/2"]
[WhiteElo "2288"]
[BlackElo "2183"]
[PlyCount "96"]
[EventDate "2022.??.??"]

1. e4 e5 2. Nf3 Nc6 3. d4 exd4 4. Nxd4 Bc5 5. Be3 Qf6 6. c3 Nge7 7. Bc4 b6 8. b4 Nxd4 9. bxc5 Ne6 10. cxb6 axb6 11. O-O Bb7 12. f3 O-O 13. Qxd7 Rfd8 14. Qb5 Nf4 15. g3 Ra5 16. Qb2 Nd3 17. Qg2 Ng6 18. Kh1 Nge5 19. Bb3 c5 20. Nd2 b5 21. Bd1 Nd7 22. Nb3 Raa8 23. Be2 Qxc3 24. Bxd3 Qxd3 25. Bxc5 Ne5 26. Bb6 Re8 27. Bg1 Bc6 28. Rad1 Qc4 29. Rd4 Qe6 30. Rfd1 Nc4 31. R4d3 Qg6 32. Nd4 Bb7 33. Nf5 h6 34. Rd7 Qa6 35. Bd4 Bc6 36. Rc7 Rad8 37. Ne7+ Rxe7 38. Rxe7 Ne3 39. Qg1 Nxd1 40. Ra7 Qc8 41. Qxd1 Qe6 42. Ra3 b4 43. Rd3 Qxa2 44. Rd2 Qe6 45. Bb2 Rxd2 46. Qxd2 Qc4 47. Kg1 Bb5 48. g4 b3 1/2-1/2

[Event "OLNW 2223 SK Nordhorn Blanke - Delmenho"]
[Site "?"]
[Date "2022.11.27"]
[Round "2.3"]
[White "Hedke, Fred"]
[Black "Ten Vergert, Paul"]
[Result "1-0"]
[WhiteElo "2233"]
[BlackElo "2184"]
[PlyCount "71"]
[EventDate "2022.??.??"]

1. e4 c5 2. Nf3 Nc6 3. c3 Nf6 4. e5 Nd5 5. d4 cxd4 6. Bc4 Nb6 7. Bb3 d5 8. exd6 e6 9. cxd4 Bxd6 10. O-O O-O 11. Nc3 Nd5 12. Re1 Nce7 13. Bg5 Nxc3 14. bxc3 Qc7 15. Rc1 b6 16. c4 Ba3 17. Rc2 a5 18. c5 bxc5 19. dxc5 a4 20. Bc4 Bb4 21. Bd2 Rd8 22. Qe2 Bxd2 23. Nxd2 Qxc5 24. Bd3 Qd4 25. Nf3 Qxd3 26. Rd2 Ba6 27. Rxd3 Rxd3 28. Qe4 Rad8 29. Qxa4 Bb7 30. Ne5 R3d5 31. h3 f6 32. Qb4 Nc6 33. Nxc6 Bxc6 34. Rxe6 Rd1+ 35. Kh2 Bd5 36. Rd6 1-0

[Event "OLNW 2223 SK Nordhorn Blanke - Delmenho"]
[Site "?"]
[Date "2022.11.27"]
[Round "2.4"]
[White "Elgersma, Simon"]
[Black "Margraf, Daniel"]
[Result "1-0"]
[WhiteElo "2207"]
[BlackElo "2264"]
[PlyCount "77"]
[EventDate "2022.??.??"]

1. e4 e5 2. Nf3 Nc6 3. Bb5 Nf6 4. d3 d6 5. c3 g6 6. O-O Bg7 7. Re1 O-O 8. h3 a6 9. Ba4 b5 10. Bc2 h6 11. a4 Rb8 12. Nbd2 d5 13. Nb3 d4 14. cxd4 exd4 15. axb5 axb5 16. Bf4 Ne8 17. e5 Qd5 18. Re4 Bb7 19. Qd2 Kh7 20. Bxh6 Nxe5 21. Rxe5 Bxh6 22. Rxd5 Bxd2 23. Rxb5 Bh6 24. Nfxd4 Nd6 25. Rc5 Rfc8 26. Nc6 Ra8 27. Rxa8 Rxa8 28. Nca5 Re8 29. Kf1 Re7 30. Nxb7 Nxb7 31. Rc6 Nd8 32. Rc4 Bg7 33. d4 Ne6 34. d5 Nd8 35. Nd4 Re5 36. Nf3 Rxd5 37. Rxc7 Bxb2 38. Bb3 Rf5 39. Rd7 1-0

[Event "OLNW 2223 SK Nordhorn Blanke - Delmenho"]
[Site "?"]
[Date "2022.11.27"]
[Round "2.5"]
[White "Grebener, Soeren"]
[Black "Oehne, Timo"]
[Result "0-1"]
[WhiteElo "1996"]
[BlackElo "2129"]
[PlyCount "96"]
[EventDate "2022.??.??"]

1. e4 c6 2. d4 d5 3. exd5 cxd5 4. Nf3 Nf6 5. Bd3 Bg4 6. h3 Bh5 7. c3 e6 8. Bg5 Be7 9. Qa4+ Nc6 10. Ne5 Qb6 11. O-O O-O 12. Qc2 Rfc8 13. Nxc6 Rxc6 14. Bxf6 Bxf6 15. Bxh7+ Kf8 16. g4 Bg6 17. Bxg6 fxg6 18. Qb3 Qc7 19. Nd2 Rb6 20. Qc2 Bxd4 21. Nb3 Bf6 22. f4 Kf7 23. Rad1 Rh8 24. Kg2 a5 25. Rf3 a4 26. Nc1 a3 27. b3 Rc8 28. Ne2 Rc6 29. Rdd3 b5 30. b4 Rc4 31. Qb3 Re4 32. Rde3 Qa7 33. Rxe4 dxe4 34. Rg3 Rd8 35. f5 gxf5 36. gxf5 Qb6 37. Rg4 Kf8 38. fxe6 Qe3 39. e7+ Kxe7 40. Qc2 Rd3 41. Rg3 Qd2 42. Qxd2 Rxd2 43. Kf2 Bh4 44. Ke3 Rxe2+ 45. Kxe2 Bxg3 46. Ke3 Be5 47. Kxe4 Bxc3 48. Kd5 Bxb4 0-1

[Event "OLNW 2223 SK Nordhorn Blanke - Delmenho"]
[Site "?"]
[Date "2022.11.27"]
[Round "2.6"]
[White "Stotyn, Fabian"]
[Black "Meyer, Thorsten"]
[Result "1-0"]
[WhiteElo "2147"]
[BlackElo "1979"]
[PlyCount "107"]
[EventDate "2022.??.??"]

1. e4 d5 2. exd5 Qxd5 3. Nc3 Qd8 4. d4 e6 5. Nf3 Nf6 6. Bg5 Be7 7. Bd3 c6 8. Ne2 c5 9. c3 Nbd7 10. O-O O-O 11. Qc2 g6 12. Rad1 Qc7 13. Rfe1 c4 14. Be4 Nb6 15. Ng3 Nbd5 16. Bh6 Re8 17. Ne5 Bf8 18. Bxf8 Rxf8 19. Bf3 Rb8 20. Qd2 Kg7 21. h4 b5 22. h5 Bb7 23. hxg6 hxg6 24. Qg5 Rh8 25. Be4 Nxe4 26. Rxe4 Qd8 27. Qxd8 Rbxd8 28. Ree1 Nf4 29. f3 Bd5 30. Ne2 Nxe2+ 31. Rxe2 f6 32. Ng4 a5 33. Ne3 Bb7 34. Nc2 Bd5 35. a3 Kf7 36. Rde1 Rhe8 37. Kf2 Rh8 38. Ne3 Rhe8 39. Kg3 Bb7 40. Rh1 Rh8 41. Ree1 Rxh1 42. Rxh1 Kg7 43. Ng4 Bd5 44. Kf4 Rb8 45. Ra1 Rb7 46. Nf2 Rb8 47. Ne4 a4 48. Rh1 Rd8 49. Nf2 Re8 50. Ng4 Rd8 51. Ke3 Re8 52. Rh7+ Kxh7 53. Nxf6+ Kh6 54. Nxe8 1-0

[Event "OLNW 2223 SK Nordhorn Blanke - Delmenho"]
[Site "?"]
[Date "2022.11.27"]
[Round "2.7"]
[White "Monnerjahn, Lukas"]
[Black "Bierenbroodspot, Paul"]
[Result "1/2-1/2"]
[WhiteElo "1754"]
[BlackElo "2100"]
[PlyCount "100"]
[EventDate "2022.??.??"]

1. d4 d5 2. Nf3 e6 3. c4 c6 4. Nc3 f5 5. g3 Nf6 6. Bg2 Bd6 7. O-O O-O 8. b3 Nbd7 9. Qc2 Ne4 10. Bb2 Qf6 11. Nd2 Ng5 12. Qd3 Qh6 13. Nf3 Ne4 14. Rad1 Ndf6 15. Bc1 Qh5 16. Ne5 Bxe5 17. dxe5 Ng4 18. h3 Nxe5 19. Qd4 Nf7 20. Nxe4 fxe4 21. Bb2 e5 22. Qe3 Be6 23. cxd5 cxd5 24. g4 Qh4 25. Rd2 h5 26. gxh5 Qxh5 27. Qg3 Qf5 28. Rc2 Rac8 29. Rfc1 Rxc2 30. Rxc2 Rc8 31. Rxc8+ Bxc8 32. e3 Bd7 33. Qh4 Qf6 34. Qg3 Bc6 35. Qg4 Ng5 36. h4 Ne6 37. Bf1 b5 38. Qh5 d4 39. exd4 Nxd4 40. Bxd4 exd4 41. Bxb5 Bxb5 42. Qxb5 Qg6+ 43. Kf1 d3 44. Qb8+ Kh7 45. Qxa7 Qg4 46. Qe3 Qxh4 47. Ke1 Qg4 48. Kd2 Qf5 49. f3 Qa5+ 50. Kd1 exf3 1/2-1/2

[Event "OLNW 2223 SK Nordhorn Blanke - Delmenho"]
[Site "?"]
[Date "2022.11.27"]
[Round "2.8"]
[White "Hoellmann, Ludger"]
[Black "Alhamid, Mohamad"]
[Result "1-0"]
[WhiteElo "2067"]
[BlackElo "1843"]
[PlyCount "64"]
[EventDate "2022.??.??"]

1. d4 Nf6 2. Nf3 e6 3. g3 b6 4. Bg2 Bb7 5. O-O Be7 6. c4 c5 7. Nc3 cxd4 8. Qxd4 Nc6 9. Qf4 O-O 10. Rd1 Rc8 11. b3 Bc5 12. Bb2 Ne7 13. Nb5 Ne4 14. Bd4 Ng6 15. Qe3 Qe7 16. Nxa7 Ra8 17. Nb5 Rfd8 18. Nd2 Bxd4 19. Qxd4 d5 20. Nxe4 dxe4 21. Qxb6 Rxd1+ 22. Rxd1 Rxa2 23. Nd6 Ba8 24. Nxe4 Bxe4 25. Bxe4 Rxe2 26. Qd8+ Qf8 27. Bxg6 hxg6 28. Qb6 Kh7 29. c5 Rc2 30. b4 Qa8 31. Qd8 Qe4 32. Qd4 Qa8 1-0

[Event "OLNW 2223 SV Lingen - Post SV Uelzen"]
[Site "?"]
[Date "2022.11.27"]
[Round "2.4"]
[White "Adrovic, Admir"]
[Black "von Estorff, Jacob"]
[Result "0-1"]
[WhiteElo "1920"]
[BlackElo "2155"]
[PlyCount "94"]
[EventDate "2022.??.??"]

1. d4 Nf6 2. c4 e6 3. a3 d5 4. cxd5 exd5 5. Bg5 c6 6. Qc2 Bd6 7. Nc3 O-O 8. e3 Re8 9. Bd3 h6 10. Bh4 Be6 11. Nge2 Nbd7 12. O-O Bxh2+ 13. Kh1 Bd6 14. e4 dxe4 15. Nxe4 Be7 16. Bg3 Nxe4 17. Bxe4 Nf6 18. Nf4 Nxe4 19. Qxe4 Bc4 20. Rfe1 Bf6 21. Qc2 Qxd4 22. Nh5 Bd5 23. Qf5 Bg5 24. Nf4 Bxf4 25. Qxf4 Qxb2 26. Qd6 b6 27. Kg1 f6 28. Rab1 Qd2 29. Re7 Rxe7 30. Qxe7 a5 31. Bc7 Qg5 32. Bg3 h5 33. Rd1 h4 34. Rxd5 cxd5 35. Qe6+ Kh8 36. Qh3 Re8 37. Bxh4 Qc1+ 38. Kh2 Qf4+ 39. Bg3+ Qh6 40. Bh4 g5 41. g3 gxh4 42. Kg2 Rg8 43. Qf5 Qg5 44. Qd3 hxg3 45. f4 Qxf4 46. Kh3 Qh6+ 47. Kg2 Qh2+ 0-1

[Event "OLNW 2223 SV Lingen - Post SV Uelzen"]
[Site "?"]
[Date "2022.11.27"]
[Round "2.5"]
[White "Bargsten, Justus"]
[Black "Moeller, Hannah"]
[Result "1-0"]
[WhiteElo "2162"]
[BlackElo "1763"]
[PlyCount "65"]
[EventDate "2022.??.??"]

1. e4 g6 2. d4 Bg7 3. Nc3 d6 4. g3 c6 5. Bg2 Nd7 6. Nge2 Rb8 7. a4 Ngf6 8. O-O O-O 9. h3 e5 10. Be3 Re8 11. dxe5 Nxe5 12. Bxa7 Ra8 13. Bd4 Be6 14. Nf4 Bd7 15. Re1 Qc8 16. Kh2 g5 17. Nd3 Nfg4+ 18. Kg1 Nxd3 19. Qxd3 Ne5 20. Qe3 h6 21. Kh2 Nc4 22. Qe2 Bxd4 23. Qxc4 Bxf2 24. Rf1 Be6 25. Qd3 Bc5 26. Rf6 Kg7 27. Raf1 Qd7 28. Nd5 Rxa4 29. c4 Bxd5 30. exd5 Re7 31. Qc3 Re5 32. Qf3 Re7 33. Qh5 1-0

[Event "OLNW 2223 SV Lingen - Post SV Uelzen"]
[Site "?"]
[Date "2022.11.27"]
[Round "2.2"]
[White "Boehme, Arne"]
[Black "Knuedel, Torben"]
[Result "0-1"]
[WhiteElo "2165"]
[BlackElo "2223"]
[PlyCount "69"]
[EventDate "2022.??.??"]

1. e4 e5 2. Nf3 Nc6 3. Bb5 a6 4. Ba4 Nf6 5. O-O Be7 6. Re1 b5 7. Bb3 O-O 8. a4 Bb7 9. d3 d6 10. Nbd2 Na5 11. Ba2 c5 12. Nf1 b4 13. c3 Rb8 14. cxb4 cxb4 15. Bd2 Bc6 16. Ng3 Qd7 17. Nf5 Bd8 18. Bb1 g6 19. Nh6+ Kg7 20. d4 Re8 21. d5 Bb7 22. b3 Bc8 23. Bd3 Qa7 24. h3 Bb6 25. Re2 Nh5 26. Bc1 Bd7 27. Rea2 Rbc8 28. Nh4 Rxc1 29. Rxc1 Nf4 30. Bc4 Nxc4 31. bxc4 b3 32. Qd2 bxa2 33. Qxa2 Kxh6 34. g3 Bxf2+ 35. Qxf2 0-1

[Event "OLNW 2223 SV Lingen - Post SV Uelzen"]
[Site "?"]
[Date "2022.11.27"]
[Round "2.1"]
[White "Laubsch, Bernd"]
[Black "Gutman, Lev"]
[Result "1-0"]
[WhiteElo "2275"]
[BlackElo "2348"]
[PlyCount "80"]
[EventDate "2022.??.??"]

1. e4 c5 2. Nf3 d6 3. d4 cxd4 4. Nxd4 Nf6 5. Nc3 a6 6. Bg5 e6 7. Qf3 Be7 8. O-O-O Qc7 9. Qg3 Nc6 10. Nxc6 Qxc6 11. Bd3 Bd7 12. f4 h6 13. Bxf6 gxf6 14. Qg7 Rf8 15. Qxh6 O-O-O 16. Qh5 Kb8 17. h4 Rc8 18. Qe2 Bd8 19. h5 Ba5 20. Nb1 f5 21. h6 Qa4 22. h7 d5 23. exf5 Qxf4+ 24. Nd2 exf5 25. Rdf1 Qd6 26. Bxf5 Rce8 27. Qf3 Bb5 28. Bd3 f5 29. Nb3 Bb6 30. Bxb5 axb5 31. c3 Qe5 32. Qd3 b4 33. cxb4 Bd8 34. Nc5 Rf7 35. Re1 Qf4+ 36. Kc2 Qf2+ 37. Kb3 Rh8 38. Qxd5 Qg3+ 39. Ka4 b5+ 40. Kxb5 Qg6 1-0

[Event "OLNW 2223 SV Lingen - Post SV Uelzen"]
[Site "?"]
[Date "2022.11.27"]
[Round "2.7"]
[White "Mittelstaedt, Hendrik"]
[Black "Schaefer, Leo"]
[Result "1-0"]
[WhiteElo "2033"]
[BlackElo "1480"]
[PlyCount "27"]
[EventDate "2022.??.??"]

1. d4 Nf6 2. c4 c6 3. Nc3 d5 4. cxd5 cxd5 5. f3 Nc6 6. e4 a6 7. e5 Ng8 8. Be3 e6 9. f4 f5 10. exf6 Nxf6 11. Nf3 Bd6 12. Ne5 Nd7 13. Qh5+ Ke7 14. Qf7# 1-0

[Event "OLNW 2223 SV Lingen - Post SV Uelzen"]
[Site "?"]
[Date "2022.11.27"]
[Round "2.3"]
[White "Wiegmann, Sascha"]
[Black "Kandic, Milan"]
[Result "1-0"]
[WhiteElo "2289"]
[BlackElo "2027"]
[PlyCount "75"]
[EventDate "2022.??.??"]

1. Nf3 c5 2. e4 Nc6 3. d3 g6 4. g3 Bg7 5. Bg2 e6 6. O-O Nge7 7. Re1 O-O 8. Nbd2 d6 9. h4 h6 10. a4 Rb8 11. Nc4 b6 12. c3 a6 13. e5 Nxe5 14. Nfxe5 dxe5 15. Nxe5 Bb7 16. Bf4 Bxg2 17. Kxg2 Nd5 18. Nxg6 fxg6 19. Bxb8 Qxb8 20. Rxe6 Qb7 21. f3 g5 22. hxg5 hxg5 23. Qe2 g4 24. Rf1 gxf3+ 25. Rxf3 Rxf3 26. Qxf3 Qd7 27. Qe4 Nf6 28. Re7 Nxe4 29. Rxd7 Nf6 30. Rd6 b5 31. a5 b4 32. Rxa6 bxc3 33. bxc3 Nd5 34. Rc6 Bxc3 35. Rxc5 Ne3+ 36. Kf3 Bd4 37. Rc8+ Kf7 38. Ke4 1-0

[Event "OLNW 2223 SK Ricklingen - Hamelner SV"]
[Site "?"]
[Date "2022.11.27"]
[Round "2.1"]
[White "Bode, Wilfried"]
[Black "Ackermann, Dennie"]
[Result "1-0"]
[WhiteElo "2357"]
[BlackElo "2119"]
[PlyCount "55"]
[EventDate "2022.??.??"]

1. Nf3 d5 2. g3 c5 3. Bg2 Nf6 4. O-O e6 5. c4 d4 6. e3 Nc6 7. exd4 cxd4 8. d3 Bd6 9. Bg5 h6 10. Bxf6 Qxf6 11. Nbd2 Qd8 12. a3 a5 13. Rc1 O-O 14. Re1 e5 15. c5 Bc7 16. Nc4 Re8 17. Nfd2 f5 18. b4 axb4 19. axb4 Kh7 20. b5 Nb4 21. Qb3 Nd5 22. b6 Bb8 23. Nd6 Bxd6 24. Qxd5 Bb8 25. Qxd8 Rxd8 26. Ra1 Rxa1 27. Rxa1 e4 28. dxe4 1-0

[Event "OLNW 2223 SK Ricklingen - Hamelner SV"]
[Site "?"]
[Date "2022.11.27"]
[Round "2.2"]
[White "Simon, Ralf-Axel"]
[Black "Tonndorf, Matthias"]
[Result "0-1"]
[WhiteElo "2093"]
[BlackElo "2132"]
[PlyCount "90"]
[EventDate "2022.??.??"]

1. c4 c5 2. Nf3 Nc6 3. Nc3 g6 4. e3 Bg7 5. d4 d6 6. d5 Ne5 7. Nxe5 Bxe5 8. Bd3 f5 9. e4 Bxc3+ 10. bxc3 fxe4 11. Bxe4 Nf6 12. Bc2 Qa5 13. Bd2 Qa6 14. Qe2 O-O 15. O-O Rf7 16. Rfe1 Bd7 17. f3 Re8 18. g4 e6 19. dxe6 Bxe6 20. Bb3 Qc6 21. Qd3 Nd7 22. f4 a5 23. a4 Nf6 24. h3 b6 25. Re2 Bc8 26. Rae1 Rxe2 27. Rxe2 Bb7 28. Qg3 Qh1+ 29. Kf2 Ne4+ 30. Rxe4 Qxe4 31. Qe3 Qg2+ 32. Ke1 Kf8 33. Qd3 Re7+ 34. Be3 Qxh3 35. Kd2 Qg2+ 36. Kc1 Qh1+ 37. Kb2 Qf3 38. Qxd6 Qxe3 39. Qf6+ Kg8 40. Bc2 Qe6 41. Qg5 Be4 42. f5 Qe5 43. Bxe4 Qxe4 44. fxg6 hxg6 45. Qf6 Qe6 0-1

[Event "OLNW 2223 SK Ricklingen - Hamelner SV"]
[Site "?"]
[Date "2022.11.27"]
[Round "2.3"]
[White "Renner, Kai"]
[Black "Spiess, Thomas"]
[Result "1-0"]
[WhiteElo "2144"]
[BlackElo "1990"]
[PlyCount "45"]
[EventDate "2022.??.??"]

1. e4 c5 2. Nf3 d6 3. d4 cxd4 4. Nxd4 Nf6 5. Nc3 a6 6. Be2 e5 7. Nb3 Be7 8. O-O O-O 9. Qd3 Be6 10. Nd5 Bxd5 11. exd5 Nbd7 12. Rd1 Re8 13. c4 Nb6 14. Na5 Qc7 15. Bd2 Nfd7 16. b4 f5 17. f3 g6 18. Rac1 Bf6 19. Be3 e4 20. fxe4 Ne5 21. Qb3 fxe4 22. c5 Nbd7 23. c6 1-0

[Event "OLNW 2223 SK Ricklingen - Hamelner SV"]
[Site "?"]
[Date "2022.11.27"]
[Round "2.4"]
[White "Schmidt, Benjamin"]
[Black "Koch, Yannick"]
[Result "0-1"]
[WhiteElo "1861"]
[BlackElo "2083"]
[PlyCount "80"]
[EventDate "2022.??.??"]

1. d4 d5 2. c4 e6 3. Nc3 Nf6 4. cxd5 exd5 5. Bg5 Be7 6. e3 h6 7. Bh4 c6 8. Bd3 O-O 9. Qc2 Re8 10. Nge2 Nbd7 11. O-O a5 12. f3 b5 13. Bf2 Nb6 14. b3 Be6 15. Ng3 Qd7 16. e4 dxe4 17. fxe4 Qb7 18. h3 a4 19. bxa4 Nxa4 20. Nce2 Nb6 21. Nf4 Bc4 22. d5 Ra3 23. Bxc4 Nxc4 24. Rfb1 cxd5 25. exd5 Bd6 26. Qxc4 bxc4 27. Rxb7 Bxf4 28. Nf5 Nxd5 29. Bd4 Be5 30. Bxe5 Rxe5 31. Nd6 Re2 32. Rb8+ Kh7 33. Nxc4 Rg3 34. a4 Rgxg2+ 35. Kf1 Ref2+ 36. Ke1 Rc2 37. Kf1 Rh2 38. Kg1 Rcg2+ 39. Kf1 Nf4 40. Ne3 Rh1# 0-1

[Event "OLNW 2223 SK Ricklingen - Hamelner SV"]
[Site "?"]
[Date "2022.11.27"]
[Round "2.5"]
[White "Poschadel, Andreas Gregor"]
[Black "Herrmann, Andreas"]
[Result "1/2-1/2"]
[WhiteElo "2107"]
[BlackElo "2067"]
[PlyCount "96"]
[EventDate "2022.??.??"]

1. e4 c5 2. Nf3 d6 3. d4 cxd4 4. Nxd4 Nf6 5. Nc3 a6 6. f3 e5 7. Nb3 Be6 8. Be3 Nbd7 9. Qd2 b5 10. a3 Nb6 11. Qf2 Nfd7 12. Rd1 Be7 13. Be2 O-O 14. O-O Rc8 15. Nd2 f5 16. exf5 Bxf5 17. Bd3 Bxd3 18. cxd3 d5 19. d4 e4 20. Rc1 Bd6 21. Qe2 Qh4 22. g3 exf3 23. Rxf3 Qe7 24. Rxf8+ Rxf8 25. Re1 Rc8 26. Qg2 Nf6 27. Bf2 Qd7 28. Qf3 Rf8 29. Qe2 Qc7 30. Nd1 h5 31. Ne3 h4 32. Nf5 Re8 33. Qd1 hxg3 34. Rxe8+ Nxe8 35. hxg3 Nf6 36. Qf3 Bf8 37. Qe2 Qd7 38. Qe3 Nc4 39. Nxc4 bxc4 40. Qf3 Ne4 41. Qg4 Qc6 42. Be3 Qf6 43. Bf4 g6 44. Ne3 Bg7 45. Qc8+ Kh7 46. Qh3+ Kg8 47. Qc8+ Kh7 48. Qh3+ Kg8 1/2-1/2

[Event "OLNW 2223 SK Ricklingen - Hamelner SV"]
[Site "?"]
[Date "2022.11.27"]
[Round "2.6"]
[White "Witthaus, Joerg"]
[Black "Helmer, Jan"]
[Result "0-1"]
[WhiteElo "2022"]
[BlackElo "2076"]
[PlyCount "94"]
[EventDate "2022.??.??"]

1. e4 b6 2. Nc3 Bb7 3. g3 g6 4. Bg2 Bg7 5. Nge2 c5 6. O-O Nc6 7. d3 a6 8. Be3 e6 9. Qd2 Nd4 10. Nd1 Ne7 11. c3 Nxe2+ 12. Qxe2 O-O 13. f4 Qc7 14. Bd2 f5 15. e5 Bxg2 16. Kxg2 Nc6 17. Be3 d6 18. d4 dxe5 19. dxe5 Rfd8 20. Nf2 b5 21. Rfd1 c4 22. Rxd8+ Rxd8 23. Rd1 Ne7 24. Qf3 Nd5 25. Bd4 Qa5 26. a3 Qa4 27. Rd2 Bf8 28. Nh3 Be7 29. g4 Rf8 30. Bf2 fxg4 31. Qxg4 Rf5 32. Kg1 Qb3 33. Qf3 Kg7 34. Bd4 Qa2 35. Qe4 Qa1+ 36. Kg2 Qc1 37. Rf2 Bh4 38. Qc2 Qe1 39. Re2 Qa1 40. Qd2 g5 41. Be3 Qb1 42. Qd4 Qd3 43. Ng1 gxf4 44. Kh3 Nxe3 45. Kxh4 Rh5+ 46. Kxh5 Qf5+ 47. Kh4 Qg4# 0-1

[Event "OLNW 2223 SK Ricklingen - Hamelner SV"]
[Site "?"]
[Date "2022.11.27"]
[Round "2.7"]
[White "van Son, Lutz"]
[Black "Arntz, Christoph"]
[Result "1-0"]
[WhiteElo "2166"]
[BlackElo "1925"]
[PlyCount "81"]
[EventDate "2022.??.??"]

1. e4 c5 2. Nf3 e6 3. d3 Nc6 4. g3 d6 5. Bg2 Nf6 6. O-O Be7 7. c3 O-O 8. Re1 h6 9. d4 cxd4 10. cxd4 e5 11. h3 Bd7 12. Nc3 Re8 13. Be3 Bf8 14. Rc1 exd4 15. Nxd4 Nxd4 16. Qxd4 Bc6 17. b4 a6 18. Bf4 Nh5 19. Be3 Nf6 20. a4 Rc8 21. b5 axb5 22. axb5 Bd7 23. Qa7 Ra8 24. Qxb7 Rb8 25. Qa6 Bc8 26. Qa4 Bb7 27. Qd4 Nd7 28. Bf4 Ne5 29. Nd5 Bxd5 30. Qxd5 Qb6 31. Rb1 Rbc8 32. Be3 Qb8 33. b6 Re7 34. b7 Rce8 35. Rec1 Rc7 36. Ba7 Rxc1+ 37. Rxc1 Qxa7 38. Rc8 Qa1+ 39. Kh2 Qe1 40. Rxe8 Qxf2 41. Rxe5 1-0

[Event "OLNW 2223 Hamelner SV - HSK Lister Turm"]
[Site "?"]
[Date "2022.12.11"]
[Round "3.1"]
[White "von Mettenheim, Johannes"]
[Black "Bode, Wilfried"]
[Result "1-0"]
[WhiteElo "2181"]
[BlackElo "2359"]
[PlyCount "117"]
[EventDate "2022.??.??"]

1. d4 Nf6 2. c4 d6 3. Nc3 Nbd7 4. e4 e5 5. Nf3 g6 6. Be2 Bg7 7. O-O O-O 8. Be3 Qe7 9. Qc2 c6 10. Rfd1 h6 11. d5 c5 12. Ne1 Nh7 13. Nd3 f5 14. f3 h5 15. b4 cxb4 16. Nxb4 Nc5 17. Nd3 b6 18. a4 Bd7 19. a5 Bf6 20. Rdb1 Bg5 21. Bf2 Nf6 22. axb6 axb6 23. Rxa8 Rxa8 24. Rxb6 Na4 25. Nxa4 Bxa4 26. Qb1 fxe4 27. Nb2 e3 28. Qxg6+ Qg7 29. Qxg7+ Kxg7 30. Be1 Bc2 31. Nd3 Ra1 32. Kf1 h4 33. Rb2 Bxd3 34. Bxd3 Nh5 35. Bb1 Bd8 36. Ke2 Bg5 37. g3 hxg3 38. hxg3 Nf6 39. Bb4 Ra6 40. Kd3 Rb6 41. Bc3 Rxb2 42. Bxb2 Kf7 43. Ba3 Ke7 44. g4 Nd7 45. Ke2 Nc5 46. Bc2 Kf6 47. Bc1 Bf4 48. Bxe3 Bxe3 49. Kxe3 Kg5 50. Bd1 Nd7 51. Ba4 Nc5 52. Bc2 Nd7 53. Bd1 Nc5 54. Kd2 Kf4 55. Kc3 e4 56. fxe4 Nxe4+ 57. Kb4 Ke5 58. Be2 Ng5 59. Kb5 1-0

[Event "OLNW 2223 Hamelner SV - HSK Lister Turm"]
[Site "?"]
[Date "2022.12.11"]
[Round "3.2"]
[White "Tonndorf, Matthias"]
[Black "Voege, Tobias"]
[Result "0-1"]
[WhiteElo "2160"]
[BlackElo "2300"]
[PlyCount "82"]
[EventDate "2022.??.??"]

1. e4 e6 2. d4 d5 3. Nd2 c5 4. Ngf3 Nf6 5. exd5 exd5 6. Bb5+ Bd7 7. Qe2+ Qe7 8. Qxe7+ Bxe7 9. Bxd7+ Nbxd7 10. dxc5 Nxc5 11. Nd4 Nfe4 12. f3 Nd6 13. O-O Bf6 14. N2b3 Nxb3 15. Nxb3 O-O-O 16. c3 Rhe8 17. Bf4 Nc4 18. Nd4 Bxd4+ 19. cxd4 Nxb2 20. Rf2 Nc4 21. Rb1 Re6 22. g4 a6 23. a4 Rde8 24. Kf1 b6 25. h4 R8e7 26. h5 Rb7 27. Kg2 b5 28. axb5 Rxb5 29. Ra1 a5 30. Kg3 Kb7 31. Rfa2 Kc6 32. Bg5 f6 33. Bf4 Kd7 34. Ra4 Re2 35. Rc1 g5 36. hxg6 hxg6 37. g5 fxg5 38. Bxg5 Rbb2 39. Rh1 Rg2+ 40. Kf4 Rbd2 41. Bf6 Ke6 0-1

[Event "OLNW 2223 Hamelner SV - HSK Lister Turm"]
[Site "?"]
[Date "2022.12.11"]
[Round "3.3"]
[White "Polster, Christian"]
[Black "Renner, Kai"]
[Result "1/2-1/2"]
[WhiteElo "2235"]
[BlackElo "2169"]
[PlyCount "203"]
[EventDate "2022.??.??"]

1. e4 c5 2. Nc3 e6 3. Nge2 Nc6 4. g3 Nf6 5. Bg2 Be7 6. d4 cxd4 7. Nxd4 O-O 8. O-O d6 9. Re1 Nxd4 10. Qxd4 Bd7 11. a4 a6 12. a5 Bc6 13. h3 Qc7 14. Be3 Rac8 15. f4 Nd7 16. Red1 Rfd8 17. Qc4 Qb8 18. Qe2 Qc7 19. Bd4 Bf6 20. Qf2 Bxd4 21. Qxd4 Nf6 22. Qb4 Rd7 23. Rd2 Rcd8 24. Rad1 h6 25. Kh2 Kh8 26. Na4 Bxa4 27. Qxa4 d5 28. e5 Ng8 29. Bf1 Ne7 30. Bd3 Nc6 31. Ra1 Na7 32. Re2 Nc6 33. h4 Kg8 34. h5 Ne7 35. Qb4 Rc8 36. Qd2 Qc5 37. g4 Nc6 38. c3 d4 39. c4 Qb4 40. Qd1 Nxa5 41. g5 hxg5 42. Qg1 Nxc4 43. Qxg5 Qe7 44. Qg3 Ne3 45. Rg1 f5 46. exf6 Qxf6 47. Rf2 Nf5 48. Qh3 Qh4 49. Qxh4 Nxh4 50. Kh3 Nf5 51. Rfg2 Kh8 52. Rg6 Re7 53. Re1 Rce8 54. Rc1 Rf8 55. Rc4 e5 56. fxe5 Rxe5 57. Bxf5 Rfxf5 58. Rc7 Rxh5+ 59. Kg4 Rh1 60. Rcxg7 Rg1+ 61. Kf4 Rxg6 62. Rxg6 Rb5 63. Rg2 d3 64. Ke4 Rb3 65. Kd4 a5 66. Kc4 a4 67. Kd4 Kh7 68. Ke4 Kh6 69. Kf5 Rb4 70. Ke5 Kh5 71. Rd2 b5 72. Kd5 Kg4 73. Kc5 Rb3 74. Kd4 Kf5 75. Rf2+ Ke6 76. Rh2 Kd6 77. Rh6+ Kc7 78. Rh2 Kb6 79. Rg2 Ka5 80. Rh2 Kb4 81. Kd5 a3 82. Rh4+ Ka5 83. bxa3 Rxa3 84. Rd4 b4 85. Ke4 Ka4 86. Ke3 Rc3 87. Kd2 Ka3 88. Rd8 Kb2 89. Rb8 b3 90. Rh8 Rc7 91. Ra8 Kb1 92. Ra6 b2 93. Ra8 Rc2+ 94. Kd1 Rh2 95. Ra7 Rc2 96. Ra8 Rc6 97. Ra7 Rh6 98. Ra8 Rh1+ 99. Kd2 Rc1 100. Ra7 Rc2+ 101. Kd1 Rc3 102. Ra8 1/2-1/2